00470nam a2200169 a 450008200150000010000190001524500230003426000350005730000090009250000350010150500100013665000200014670000190016694200070018595200930019299900150028500a296.1bDAN aDanby, Herbert aTractate Sanhedrin aLondonbMacmillan Press c1919 a148p aincludes index and biblioraphy2 aIndex aJudaism-Sources1 aDanby, Herbert cBK 00104070aHMIbHMId2018-05-22g50.00l0o296.1 DANp01701r2018-05-22w2018-05-22yBK c2308d2308